000 00554nam a2200205Ia 4500
005 20250326144715.0
008 250326s9999 xx 000 0 und d
020 _a0-07-286905-4
037 _aTextbook
040 _aFMSL
_beng
_cFMSL
041 _aeng
_2eng
084 _aX:89Q P6;3
_qFMSL
100 _aStevenson W J
_9735728
245 0 _aOperations management
_cStevenson W J
250 _a8
260 _aNew Delhi
_bNew Delhi, Tata McGraw Hill
_c2005
300 _a871p
942 _cTB
_hX:89Q P6;3
999 _c1304696
_d1304696